Geografía mundial /

Guardado en:
Autor Principal: Borgognoni, Mirian
Otros Autores: Cacace, Graciela
Formato: Libro
Publicado: Buenos Aires : Stella , 2002
Materias:
Etiquetas: Agregar Etiqueta
Sin Etiquetas, Sea el primero en etiquetar este registro!
LEADER 01223nam a22002655a 4500
001 CEM.cems010875
008 130507s2002##################000#0#####d
005 20220705164316.0
003 CEMS
245 1 0 |a Geografía mundial /  |c Mirian Borgogni , Graciela Cacace 
260 |a Buenos Aires :  |b Stella ,  |c 2002 
300 |a 287 p. 
500 |a Para Polimodal 
505 0 |a El espacio geográfico mundial -- Un mundo compartido -- Organización territorial -- Planeta Tierra -- Los ambientes más aptos para vivir -- Otros ambientes --El ambiente acuático -- Problemáticas ambientales -- Recursos -- El mundo y su gente -- Las eternas migraciones -- Espacio económico: masiva producción primaria -- Espacio económico: inevitable industrialización -- Ciudades y más ciudades -- Heterogeneidad social -- Necesaria interrelación 
020 |a 9505253834 
100 1 |a Borgognoni, Mirian 
700 1 |a Cacace, Graciela 
082 0 4 |a 330.9 
653 |a Geografía 
653 |a Geografía mundial 
653 |a Organización territorial 
653 |a Recursos 
653 |a Espacios 
859 |a CEMS  |b BIB. CEMS - 11 de abril  |h 330.9  |i B644  |p 21593.02  |t Ej.1 
859 |a CEMS  |b BIB. CEMS - 11 de abril  |h 330.9  |i B644  |p 29350.22  |t Ej.2